Quinn's Post, Anzac, Gallipoli / (Record no. 13888)
[ view plain ]
| 000 -LEADER | |
|---|---|
| fixed length control field | 00404cam a2200145Ia 4500 |
| 020 ## - INTERNATIONAL STANDARD BOOK NUMBER | |
| ISBN | 1741143322 |
| 040 ## - CATALOGING SOURCE | |
| Transcribing agency | VYF |
| 082 ## - DEWEY DECIMAL CLASSIFICATION NUMBER | |
| Classification number | 940 ALL 2005 A103 Or. |
| 100 1# - MAIN ENTRY--AUTHOR NAME | |
| Personal name | Stanley, Peter, |
| 245 10 - TITLE STATEMENT | |
| Title | Quinn's Post, Anzac, Gallipoli / |
| 260 ## - PUBLICATION, DISTRIBUTION, ETC. (IMPRINT) | |
| Place of publication | Crows Nest, NSW : |
| Name of publisher | Allen & Unwin, |
| Year of publication | 2005 |
| 300 ## - PHYSICAL DESCRIPTION | |
| Number of Pages | xxii, 226 p., [24] p. of plates : |
| Other physical details | ill., maps ; |
| Dimensions | 23 cm |
| 650 #0 - SUBJECT ADDED ENTRY--TOPICAL TERM | |
| Topical Term | World War, 1914-1918 |
| 942 ## - ADDED ENTRY ELEMENTS (KOHA) | |
| Koha item type | សៀវភៅភាសាអង់គ្លេស |
| 952 ## - LOCATION AND ITEM INFORMATION (KOHA) | |
| Withdrawn status [LOCAL, KOHA] | 0 |
| Permanent Location | Date acquired | Koha item type | Lost status | Shelving location | Barcode | Current Location | Full call number |
|---|---|---|---|---|---|---|---|
| Library Block A | 2017-10-02 | សៀវភៅភាសាអង់គ្លេស | A103 | A15896 | Library Block A | 940 ALL 2005 A103 Or. |